| 000 | 00978nam a22003017a 4500 | ||
|---|---|---|---|
| 001 | 4878 | ||
| 003 | FISKH | ||
| 005 | 20250820093409.0 | ||
| 008 | 241022b cb ||||| |||| 00| 0 eng d | ||
| 020 | _a9780545279789 | ||
| 040 |
_aFISKH _beng _cFISKH _dFISKH |
||
| 050 | _aPE1450.B726 | ||
| 082 | _a428.2 | ||
| 100 |
_aBruno, Knight Elsa _d(1935-) |
||
| 245 |
_aPunctuation celebration / _cby Elsa Knight Bruno illustrated by Jenny White Head |
||
| 250 | _aFirst printing in 2010 | ||
| 260 |
_aNew York : _bScholastic, _c2010. |
||
| 300 |
_a31 pages : _bColor illustrations ; _c28 cm |
||
| 505 | _aP | ||
| 520 | _aSimple rhymes are used to explain rules of punctuation. "Parentheses' two hands are gentle, Enclosing words that aren't essential" | ||
| 521 | 8 |
_a650
_bLexile |
|
| 521 | 8 |
_aP
_bRaz-Plus |
|
| 650 |
_2Punctuation _aLanguage arts |
||
| 650 |
_2Fiction _aWriting |
||
| 700 |
_aWhitehead, Jenny _dIllustrator |
||
| 942 |
_2ddc _cBK _n0 |
||
| 999 |
_c4878 _d4878 |
||